Countries by Merchant Ships per Capita - Statistics

General Stats
  • This quiz has been taken 14 times
  • The average score is 30 of 40
Answer Stats
Ships per Million People Country % Correct
1031 Dominica
100%
78 Fiji
100%
607 Nauru
100%
19530 Palau
100%
6185 Saint Kitts and Nevis
100%
531 Singapore
100%
276 Tonga
100%
3101 Bahamas
92%
894 Barbados
92%
50969 Marshall Islands
92%
1829 Panama
92%
8247 Saint Vincent and the Grenadines
92%
23012 Tuvalu
92%
1063 Vanuatu
92%
5982 Antigua and Barbuda
83%
197 Brunei
83%
635 Kiribati
83%
72 Trinidad and Tobago
83%
117 Bahrain
75%
303 Comoros
75%
382 F.S. Micronesia
75%
312 Norway
75%
306 Seychelles
75%
1862 Belize
67%
72 Cape Verde
67%
120 Denmark
67%
101 Guyana
67%
107 Iceland
67%
887 Liberia
67%
4166 Malta
67%
67 Netherlands
67%
112 São Tomé and Príncipe
67%
761 Cyprus
58%
116 Greece
58%
211 Maldives
58%
87 Portugal
50%
422 Liechtenstein
42%
219 Luxembourg
42%
93 Croatia
25%
97 Mongolia
8%
No matching quizzes found
Score Distribution
Percent of People with Each Score
Percentile by Number Answered
Your Score History
You have not taken this quiz